000 00213nam a22000857a 4500
008 170109b xxu||||| |||| 00| 0 eng d
100 _92280
_aPurang.Y.P.
245 _aCCE Science-IX-T-II
260 _aNew Delhi
_bAPC
_c2011
999 _c5171
_d5171